| 000 | 00879nam a22002777a 4500 | ||
|---|---|---|---|
| 001 | BR8301834 | ||
| 003 | BR-BrBNA | ||
| 005 | 20230928091631.0 | ||
| 007 | ta | ||
| 008 | 230509b bl.||||| |||| 00| 0 por d | ||
| 040 |
_aBR-BrBNA _bpor _cBiblioteca Nacional de Agricultura |
||
| 041 | _a(Por) | ||
| 072 |
_aP12 _b/G514 |
||
| 090 | _ P12 BR8301834 | ||
| 110 | 1 |
_aCoordenadoria de Irrigacao e Aproveitamento Racional dos Recursos de Solo e Agua, Teresina, PI (Brasil) _92986 |
|
| 245 | 1 | _aResultados da reuniao de trabalho sobre as atividades de irrigacao e drenagem realizada no ano de 1982 [Piaui, Brasil] | |
| 260 | 3 |
_aTeresina, PI (Brasil): _c1983. |
|
| 300 | _a10 p. | ||
| 650 | _aRECURSO HIDRICO | ||
| 650 | _aIRRIGACAO | ||
| 650 | _aDRENAGEM | ||
| 650 | _aPROJETO DE DESENVOLVIMENTO | ||
| 650 | _aPIAUI | ||
| 909 |
_a202309 _bLucia _c55 _dLucia Elande |
||
| 942 | _cBK | ||
| 999 |
_c34762 _d34762 |
||